The Acientific Results Of The Oman Flora And Fauna Survey 1975 (Record no. 592144)

MARC details
000 -LEADER
fixed length control field 00518nam a2200145Ia 4500
008 - FIXED-LENGTH DATA ELEMENTS--GENERAL INFORMATION
fixed length control field 100415s9999 xx 000 0 und d
082 ## - DEWEY DECIMAL CLASSIFICATION NUMBER
Item number 9206
Classification number 574(53)
100 ## - MAIN ENTRY--PERSONAL NAME
Personal name Information Culture
245 ## - TITLE STATEMENT
Title The Acientific Results Of The Oman Flora And Fauna Survey 1975
260 ## - PUBLICATION, DISTRIBUTION, ETC. (IMPRINT)
Place of publication, distribution, etc OMAN
Date of publication, distribution, etc 1977
Name of publisher, distributor, etc Ministry Of Information Culture
365 ## - TRADE PRICE
Price amount 0
630 ## - SUBJECT ADDED ENTRY--UNIFORM TITLE
Uniform title The Acientific Results Of The Oman Flora And Fauna Survey 1975
730 ## - ADDED ENTRY--UNIFORM TITLE
Uniform title The Acientific Results Of The Oman Flora And Fauna Survey 1975
942 ## - ADDED ENTRY ELEMENTS (KOHA)
Koha item type Book
Holdings
Withdrawn status Lost status Damaged status Not for loan Home library Current library Date acquired Cost, normal purchase price Total Checkouts Full call number Barcode Date last seen Price effective from Koha item type
        Bombay Natural History Society Bombay Natural History Society 09/01/1977 0.00   574(53) 9206 BNHS-9206 04/15/2010 04/15/2010 Book